Leonardo lóábrázolásai és a budapesti bronz lovas

Elmentve itt :
Bibliográfiai részletek
Szerző: Varga Nikoletta
További közreműködők: Pálosi Judit (Témavezető)
Dokumentumtípus: Szakdolgozat
Megjelent: 2003
Tárgyszavak:
Online Access:http://diploma.bibl.u-szeged.hu/40883
LEADER 00556nta a2200157 i 4500
001 dipl40883
005 20130702105046.0
008 130702s2003 hu om 0|| zxx d
040 |a SZTE Diploma Repozitórium  |b hun 
041 |a zxx 
100 1 |a Varga Nikoletta 
245 1 0 |a Leonardo lóábrázolásai és a budapesti bronz lovas  |h [elektronikus dokumentum] /  |c Nikoletta Varga 
260 |c 2003 
650 4 |a Bölcsészettudományok 
700 1 |a Pálosi Judit  |e ths 
856 4 0 |u http://diploma.bibl.u-szeged.hu/id/eprint/40883/1/2003_varga_nikoletta.pdf  |z Dokumentum-elérés